000 00613nam a2200181 4500
001 149129
003 ES-MaACL
005 20230906202949.0
007 t|
008 070214s1985 sp r ||||1| fre d
020 _a2-01-010957-0
100 1 _aSzasz, Thomas.
_9108983
245 1 0 _aKarl Kraus et les docteurs de l'âme
_b: un pionier et sa critique de la psychiatrie et de la psychanalise /
_cThomas Szasz ; traduit par Pierre Emmanuel Dauzat.
260 _a[s.l.] :
_bHachette,
_c1985.
300 _a222 p. ;
_c21 cm.
700 1 _aDauzat, Pierre-Emmanuel.
_942849
852 _aES-MaACL
_jL-11692
_bR.111511
999 _c149129
_d149129